000
00234nam a22000857a 4500
008
161028b xxu||||| |||| 00| 0 eng d
100
_9
987
_a
Cohen.B.etal.
245
_a
Seven Daughters and Seven Son
260
_a
USA
_b
F.B.T. Publications
_c
1994
999
_c
3645
_d
3645